ARRUPE JESUIT UNIVERSITY

CORONAVIRUS -STOP THE SPREAD - CLEAN,DISINFECT,COVER

Intellectuals and African development : (Record no. 131350)

MARC details
000 -LEADER
fixed length control field 01505cam a22003735a 4500
001 - CONTROL NUMBER
control field 15108199
003 - CONTROL NUMBER IDENTIFIER
control field ARRUPE
005 - DATE AND TIME OF LATEST TRANSACTION
control field 20220505093606.0
008 - FIXED-LENGTH DATA ELEMENTS--GENERAL INFORMATION
fixed length control field 071211s2006 sg b 001 0 eng
010 ## - LIBRARY OF CONGRESS CONTROL NUMBER
LC control number 2007543000
Canceled/invalid LC control number 2006032630
020 ## - INTERNATIONAL STANDARD BOOK NUMBER
International Standard Book Number 9781842777657 (Zed Books ed. : pb)
020 ## - INTERNATIONAL STANDARD BOOK NUMBER
International Standard Book Number 9781842777640 (Zed Books ed. : hb)
020 ## - INTERNATIONAL STANDARD BOOK NUMBER
International Standard Book Number 2869781962 (Codesria ed.)
040 ## - CATALOGING SOURCE
Original cataloging agency DLC
Transcribing agency DLC
Modifying agency DLC
043 ## - GEOGRAPHIC AREA CODE
Geographic area code f------
050 00 - LIBRARY OF CONGRESS CALL NUMBER
Classification number JQ1879.A15
Item number I58 2006
082 00 - DEWEY DECIMAL CLASSIFICATION NUMBER
Classification number 320.96
Edition number 22
300 ## - PHYSICAL DESCRIPTION
Dimensions 22 cm.
245 00 - TITLE STATEMENT
Title Intellectuals and African development :
Remainder of title pretension and resistance in African politics /
Statement of responsibility, etc Björn Beckman & Gbemisola Remi Adeoti, editors.
260 ## - PUBLICATION, DISTRIBUTION, ETC. (IMPRINT)
Place of publication, distribution, etc Dakar :
Name of publisher, distributor, etc Codesria ;
Place of publication, distribution, etc London ;
-- New York :
Name of publisher, distributor, etc Zed Books ;
Place of publication, distribution, etc Pretoria :
Name of publisher, distributor, etc UNISA Press,
Date of publication, distribution, etc 2006.
300 ## - PHYSICAL DESCRIPTION
Extent 178 p. ;
490 0# - SERIES STATEMENT
Series statement Africa in the new millennium
504 ## - BIBLIOGRAPHY, ETC. NOTE
Bibliography, etc Includes bibliographical references and index.
650 #0 - SUBJECT ADDED ENTRY--TOPICAL TERM
Topical term or geographic name as entry element Political culture
Geographic subdivision Africa.
9 (RLIN) 49224
650 #0 - SUBJECT ADDED ENTRY--TOPICAL TERM
Topical term or geographic name as entry element International agencies
Geographic subdivision Africa.
9 (RLIN) 51425
651 #0 - SUBJECT ADDED ENTRY--GEOGRAPHIC NAME
Geographic name Africa
General subdivision Politics and government
Chronological subdivision 1960-
651 #0 - SUBJECT ADDED ENTRY--GEOGRAPHIC NAME
Geographic name Africa
General subdivision Social conditions
Chronological subdivision 1960-
700 1# - ADDED ENTRY--PERSONAL NAME
Personal name Beckman, Björn,
Dates associated with a name 1938-
9 (RLIN) 51426
700 1# - ADDED ENTRY--PERSONAL NAME
Personal name Adeoti, Gbemisola.
9 (RLIN) 51427
710 2# - ADDED ENTRY--CORPORATE NAME
Corporate name or jurisdiction name as entry element Codesria.
9 (RLIN) 32572
856 41 - ELECTRONIC LOCATION AND ACCESS
Materials specified Table of contents only
Uniform Resource Identifier <a href="http://www.loc.gov/catdir/toc/fy0803/2007543000.html">http://www.loc.gov/catdir/toc/fy0803/2007543000.html</a>
906 ## - LOCAL DATA ELEMENT F, LDF (RLIN)
a 7
b cbc
c origcop
d 3
e ncip
f 20
g y-gencatlg
942 ## - ADDED ENTRY ELEMENTS (KOHA)
Source of classification or shelving scheme Library of Congress Classification
Koha item type Monograph ( Printed materials)
Holdings
Withdrawn status Lost status Source of classification or shelving scheme Damaged status Not for loan Collection code Home library Current library Shelving location Date acquired Total Checkouts Full call number Barcode Date last seen Price effective from Koha item type
    Library of Congress Classification     Main Collection ARRUPE LIBRARY ARRUPE LIBRARY Main Collection 05/05/2022   JQ1879.A15 I58 2006 46600008048 05/05/2022 05/05/2022 Monograph ( Printed materials)

 

Arrupe Library. PO Box MP320 Mt Pleasant, Harare, Zimbabwe
263 242 745411|librarian@aju.ac.zw